FUNDAMENTAL OF STRUCTURAL ANALYSIS WITH COMPUTER ANALYSIS APPLICATIONS / (Record no. 589766)

000 -LEADER
fixed length control field 00383nam a22001457a 4500
020 ## - INTERNATIONAL STANDARD BOOK NUMBER
Qualifying information PB.
040 ## - CATALOGING SOURCE
Transcribing agency FIZZA ISHAQ
082 ## - DEWEY DECIMAL CLASSIFICATION NUMBER
Classification number 6211.11821
Author Mark SUB
100 ## - MAIN ENTRY--PERSONAL NAME
Personal name ROY,SUBRATA.
9 (RLIN) 91635
245 ## - TITLE STATEMENT
Title FUNDAMENTAL OF STRUCTURAL ANALYSIS WITH COMPUTER ANALYSIS APPLICATIONS /
Statement of responsibility, etc. SUBRATA ROY.
250 ## - EDITION STATEMENT
Edition statement 2nd ED.
260 ## - PUBLICATION, DISTRIBUTION, ETC.
Place of publication, distribution, etc. S.CHAND ;
Date of publication, distribution, etc. 2016.
300 ## - PHYSICAL DESCRIPTION
Extent 1014 P. ;
942 ## - ADDED ENTRY ELEMENTS (KOHA)
Source of classification or shelving scheme
Koha item type Book
Holdings
Withdrawn status Lost status Source of classification or shelving scheme Damaged status Not for loan Permanent Location Current Location Date acquired Full call number Barcode Date last seen Copy number Price effective from Koha item type
          NUST Baluchistan Campus (NBC) NUST Baluchistan Campus (NBC) 05/17/2022 624.171 SUJ Q-4145 05/17/2022 3 05/17/2022 Book
© 2023 Central Library, National University of Sciences and Technology. All Rights Reserved.